Beginning R : The Statistical Programming Language (Record no. 6478)

MARC details
000 -LEADER
fixed length control field 00323nam a2200121Ia 4500
008 - FIXED-LENGTH DATA ELEMENTS--GENERAL INFORMATION
fixed length control field 191201s2015 xx 000 0 und d
100 ## - MAIN ENTRY--PERSONAL NAME
Personal name GARDENER, Mark
245 #0 - TITLE STATEMENT
Title Beginning R : The Statistical Programming Language
260 ## - PUBLICATION, DISTRIBUTION, ETC. (IMPRINT)
Place of publication, distribution, etc N. delhi
Name of publisher, distributor, etc Wiley india
Date of publication, distribution, etc 2015
300 ## - PHYSICAL DESCRIPTION
Extent 475
650 ## - SUBJECT ADDED ENTRY--TOPICAL TERM
Topical term or geographic name as entry element M.Tech(CSE)
942 ## - ADDED ENTRY ELEMENTS (KOHA)
Source of classification or shelving scheme Dewey Decimal Classification
Koha item type Text Books
942 ## - ADDED ENTRY ELEMENTS (KOHA)
-- 3
Holdings
Withdrawn status Lost status Source of classification or shelving scheme Damaged status Not for loan Collection code Home library Current library Date acquired Source of acquisition Cost, normal purchase price Bill Number Total Checkouts Full call number Acc. no. / Barcode Date last seen Date last borrowed Actual Cost, discounted price Bill Date Koha item type
    Dewey Decimal Classification     B.Tech(CSE) PIET C-LIBRARY PIET C-LIBRARY 15/10/2015 KIRTI PRAKASHAN, NEW DELHI 699.00 IN3120 1 005.133 GAB 27904 06/09/2023 24/08/2023 468.33 14/10/2015 Text Books
    Dewey Decimal Classification     B.Tech(CSE) PIET C-LIBRARY PIET C-LIBRARY 15/10/2015 KIRTI PRAKASHAN, NEW DELHI 699.00 IN3120 4 005.133 GAB 27905 14/12/2023 08/09/2023 468.33 14/10/2015 Text Books
    Dewey Decimal Classification     B.Tech(CSE) PIET C-LIBRARY PIET C-LIBRARY 15/10/2015 KIRTI PRAKASHAN, NEW DELHI 699.00 IN3120 2 005.133 GAB 27906 06/09/2023 28/08/2023 468.33 14/10/2015 Text Books
    Dewey Decimal Classification     B.Tech(CSE) PIET C-LIBRARY PIET C-LIBRARY 15/10/2015 KIRTI PRAKASHAN, NEW DELHI 699.00 IN3120   005.133 GAB 27907 04/12/2019   468.33 14/10/2015 Reference Books

Design & Developed by: PIET Central Library
R70 Miles Stone Pattikalyana Samalkha Panipat 132102
mail ID :- [email protected], Phone No:- 0180-2569700 Ex.216